00822nam a22002657a 450000500170000000800410001701000100005801100100006803500100007809000170008824500680010526000510017330000090022449000340023350000110026759000410027859000420031965000330036165000230039470000290041783000340044690100070048094900520048799900170053920220817041316.0971013s1943 r 00010 d a10962 a11934 a12657 aFolleto 1906 aPreventing damage to commercial dried fruits by the raisin moth aWashington :bDepartment of Agriculture,c1943 a6 p. aEUA. Dep. Agr. Leafletv; 236 a78-242 aBATCH-UPDb10c20130110lUCH01h2041 aCONVERSIONb10c20130109lUCH01h130714aEphestia figulilella.93720514aFruta seca.9436720 aDonohoc, Heber C.9339690 aEUA. Dep. Agr. Leafletv; 236 aBK aFolleto 1906bBCcFOLLBDd-24754eTS1i12657si c10962d10962